000 01130nam a22002777a 4500
003 OSt
005 20250716164241.0
008 210119s1999 sp ||||gr|||| 00| 0 spa d
020 _a9580451850
040 _aCO-JMCR
_cCO-JMCR
041 1 _aspa
_heng
082 0 4 _aJ-C
_bGOEl
_223
100 1 _aGoethe, Johann Wlfgang,
_eautor
_912878
245 1 4 _aLas penas del joven Werthe /
_cJohann Wolfgang Von Geothe ; traducción, Juan José de Narváez, Jorge Yui
250 _aPrimera edición
260 _aBarcelona :
_bNorma,
_c1999
300 _a152 páginas ;
_c20 cm.
490 _aLa maquina del tiempo
520 0 _aLa historia de Werther y su amada es la historia eterna del hombre y su imposible. Es la narración detallada de la incompatibilidad del deseo con su realización. Es, también, la exacta descripción de la juventud y del alma romántica.
650 2 4 _aAmor no correspondido
_912879
650 2 4 _aFicción romántica
_912880
650 2 4 _aAristocracia (clase social)
_912881
700 1 _aDe Narváez, Juan José,
_etraductor
_912882
700 1 _aYui, Jorge,
_etraductor
_912883
942 _2ddc
_cBK
999 _c7066
_d7066